000 00584nam a2200193 4500
001 123454
003 ES-MaACL
005 20251114150618.0
007 t|
008 070214s1973 sp r ||||1| spa d
100 1 _aRae, George William.
_994943
245 1 4 _aLos Don de la Mafia /
_cGeorge William Rae ; traducido del inglés, por: Miguel Giménez Sales.
250 _a1ª ed.
260 _aBarcelona :
_bPicazo,
_c1973.
300 _a252 p. ;
_c20 cm.
700 1 _aGiménez Sales, Miguel,
_d1922-
_957067
852 _aES-MaACL
_jC-54094
_bR.86693
999 _c123454
_d123454